000 00389nam a2200157Ia 4500
005 20250514010744.0
008 240331s9999 xx 000 0 und d
082 _a200.042
_bVAJ
100 _aWajira Sil Matha, Panadure
245 0 _aBhikshuni wansaya
260 _aAnuradhapura
_bGunasekara & Samagama
_c1992
300 _a384 p .,
650 _aBuddhism
650 _aHistory
942 _cL
999 _c809
_d809